000 00655nam a2200241Ia 4500
003 OSt
005 20221007081449.0
006 a|||||r|||| 00| 0
007 ta
008 221006b |||||||| |||| 00| 0 eng d
024 _a45,974
037 _cTextual
040 _aFLL
_cFLL
_beng
041 _2eng
_aeng
082 _aY15:Z, Q8
100 _aBOURNE Judith Au.
_9600517
245 0 _aGender and the law
260 _aNew York
_bRoutledge USA
_c2018
300 _axiii,257p.
_ccm.
700 _a DERRY Caroline Au.
_9600518
942 _hY15:Z, Q8
_cTEXL
_2CC
999 _c1163126
_d1163126